Mythologie Egyptienne - Statistiques

Statistiques générales
  • Ce quiz a été pris 320 fois
  • Le résultat moyen est 10 sur 22
Statistiques - réponses
Hint Réponse % Correct
Dieu du désert et du chaos Seth
74%
Dieu de l'embaument et maitre des nécropoles Anubis
71%
Dieu créateur et du soleil
71%
Déesse chatte protectrice des femmes, des enfants, du foyer et de la joie Bastet
63%
Déesse de la magie, des femmes et des enfants Isis
62%
Roi de l'au delà et Dieu de la végétation Osiris
61%
Dieu crocodile de l'eau et de la fertilité Sobek
55%
Dieu du ciel et protecteur des pharaons Horus
54%
Déesse lionne de la guerre Sekhmet
51%
Dieu de la terre Geb
48%
Déesse du ciel Nout
46%
Messager des dieux, Dieu de la sagesse, de la musique, de la médecine, de l'astronomie, de la géométrie, du dessin et de l'écriture Thot
45%
Déesse de la beauté et de l'amour, de la musique, de la maternité et de la joie Hathor
43%
Déesse de la vérité, de la justice, de l'harmonie cosmique et de la paix Maât
40%
Déesse protectrice des morts Nephtys
30%
Dieu de l'air Shou
29%
Dieu du soleil Atoum
23%
Déesse qui protégeait les hommes du venin des serpents, des scorpions et autres animaux dangereux Serket
22%
Dieu de la lune Khonsou
21%
Déesse de l'intuition qui aide à prendre les bonnes décisions Sia
20%
Dieu des cataractes et puissance créatrice Khnoum
19%
Déesse de l'humanité Tefnout
10%
Aucun quiz correspondant
Distribution des résultats
% des personnes avec chaque résultat
Percentile par nombre de réponses
Votre historique - résultats
Vous n’avez pas pris ce quiz